000 00300nam a22001457a 4500
008 210305b ||||| |||| 00| 0 eng d
020 _a0321185587
041 _aeng
080 _211th
_a51
082 _a51
100 _a36
101 _aMAT
245 _aCalculus
_cThomas, G.B
942 _2udc
_cBK
999 _c55808
_d55808